Statistiques concernant Prix Nobel de physique

Cliquez ici pour prendre le quiz!

Statistiques générales

  • Ce quiz a été pris 49 fois
  • Le résultat moyen est 13 sur 222

Statistiques - réponses

AnnéeLauréatPaysTravaux récompensés% Correct
1903Marie Curie / SkłodowskaFranceEn témoignage des services extraordinaires rendus par leurs recherches conjointes sur les phénomènes radiatifs découverts par le Pr Henri Becquerel.
92%
1903Pierre CurieFranceEn témoignage des services extraordinaires rendus par leurs recherches conjointes sur les phénomènes radiatifs découverts par le Pr Henri Becquerel.
89%
1921Albert EinsteinAllemagne / SuissePour ses contributions à la physique théorique, spécialement pour sa découverte de la loi de l'effet photoélectrique.
86%
1975Aage Niels BohrDanemarkPour la découverte du lien entre mouvement collectif et mouvement des particules dans le noyau atomique, et le développement de la théorie de la structure du noyau fondée sur ce lien.
62%
1922Niels Henrik David BohrDanemarkPour ses contributions à la recherche sur la structure des atomes et sur le rayonnement qu'ils émettent.
62%
2022Alain AspectFrancePour leurs expériences avec des photons intriqués, établissant la violation des inégalités de Bell et ouvrant la voie à la science de l'information quantique.
51%
1903Antoine Henri BecquerelFranceEn témoignage des services extraordinaires rendus par sa découverte de la radioactivité spontanée.
51%
1932Werner Karl HeisenbergAllemagnePour la création de la mécanique quantique, dont les applications ont conduit, entre autres, à la découverte des formes allotropiques de l’hydrogène.
51%
1918Max Karl Ernst Ludwig PlanckAllemagneEn témoignage des services rendus à l'avancement de la physique par la découverte des quanta d'énergie.
49%
1933Erwin SchrödingerAutrichePour la découverte de nouvelles formes productives de la théorie atomique.
38%
1901Wilhelm Conrad RöntgenAllemagneEn témoignage des services extraordinaires rendus par sa découverte des remarquables rayons ultérieurement nommés d'après lui.
38%
1933Paul Adrien Maurice DiracRoyaume-UniPour la découverte de nouvelles formes productives de la théorie atomique.
35%
1989Wolfgang PaulAllemagne de l'OuestPour le développement de la technique du piège à ions.
32%
1929Louis de BroglieFrancePour sa découverte de la nature ondulatoire des électrons.
30%
1938Enrico FermiItaliePour ses démonstrations de l'existence de nouveaux éléments radioactifs produits par l'irradiation neutronique, et pour la découverte corrélative des réactions nucléaires causées par les neutrons lents.
24%
1937George Paget ThomsonRoyaume-UniPour leur découverte expérimentale de la diffraction des électrons par les cristaux.
24%
1906Joseph John ThomsonRoyaume-UniEn témoignage des grands mérites de ses recherches théoriques et expérimentales sur la conduction de l'électricité par les gaz.
24%
2013Peter HiggsRoyaume-UniPour la découverte théorique d'un mécanisme contribuant à notre compréhension de l'origine de la masse des particules subatomiques, et qui a été confirmée récemment grâce à la découverte de la particule fondamentale prédite [le boson de Higgs] par les expériences ATLAS et CMS menées au Large Hadron Collider du CERN.
24%
1965Richard P. FeynmanÉtats-UnisPour leurs travaux fondamentaux sur l'électrodynamique quantique, avec des conséquences profondes sur la physique des particules élémentaires.
22%
1945Wolfgang PauliAutrichePour la découverte du principe d'exclusion, aussi dénommé principe de Pauli.
22%
1958Pavel Alexeievitch TcherenkovUnion soviétiquePour la découverte et l'interprétation de l'effet Tcherenkov.
19%
1902Hendrik LorentzPays-BasEn témoignage du service extraordinaire rendu par leurs recherches sur l'influence du magnétisme sur les phénomènes de radiation.
16%
1925Gustav HertzAllemagnePour leur découverte des lois de la collision d'un électron sur un atome.
14%
1910Johannes Diderik van der WaalsPays-BasPour ses travaux sur l'équation d'état des gaz et liquides.
14%
1954Max BornAllemagne de l'Ouest / Royaume-UniPour sa recherche fondamentale en mécanique quantique, en particulier pour son interprétation statistique de la fonction d'onde.
14%
1907Albert A. MichelsonÉtats-UnisPour ses instruments optiques de précision et les recherches spectroscopiques et métrologiques menées avec eux.
11%
1927Charles Thomson Rees WilsonRoyaume-UniPour sa méthode pour rendre visibles par condensation de vapeur les trajectoires de particules électriquement chargées.
11%
1939Ernest Orlando LawrenceÉtats-UnisPour l'invention et le développement du cyclotron, et pour les résultats obtenus avec lui, spécialement sur les éléments radioactifs artificiels.
11%
1926Jean Baptiste PerrinFrancePour ses travaux sur la structure discontinue de la matière, et spécialement pour sa découverte de l'équilibre de sédimentation.
11%
1982Kenneth G. WilsonÉtats-UnisPour sa théorie des phénomènes critiques en liaison avec les transitions de phase.
11%
1978Robert Woodrow WilsonÉtats-UnisPour leur découverte du fond cosmologique de rayonnement micro-onde.
11%
1911Wilhelm WienAllemagnePour ses découvertes au sujet des lois du rayonnement de la chaleur.
11%
1973Brian David JosephsonRoyaume-UniPour ses prédictions théoriques sur les propriétés d'un super-courant à travers une barrière tunnel, en particulier les phénomènes connus en général sous le nom d'effet Josephson.
8%
1947Edward Victor AppletonRoyaume-UniPour ses recherches en physique de la haute atmosphère, et en particulier pour sa découverte de la couche dite d'Appleton.
8%
2009George E. SmithÉtats-UnisPour l'invention du capteur CCD.
8%
1992Georges CharpakFrancePour son invention et sa mise au point de détecteurs de particules, en particulier la chambre proportionnelle multifils.
8%
2005John L. HallÉtats-UnisPour leurs contributions au développement de la spectroscopie laser de précision, y compris la technique du peigne de fréquence optique.
8%
1991Pierre-Gilles de GennesFrancePour sa découverte du fait que des méthodes développées pour l'étude des phénomènes d'ordre dans des systèmes simples peuvent être généralisées à des formes plus complexes de la matière, en particulier aux cristaux liquides et aux polymères.
8%
1902Pieter ZeemanPays-BasEn témoignage du service extraordinaire rendu par leurs recherches sur l'influence du magnétisme sur les phénomènes de radiation.
8%
2007Albert FertFrancePour la découverte de la magnétorésistance géante.
5%
2018Gérard MourouFrancePour leur méthode de production d'impulsions lumineuses ultra-brèves de forte intensité.
5%
1909Guglielmo MarconiItalieEn témoignage de leurs contributions au développement de la télégraphie sans fil.
5%
1913Heike Kamerlingh OnnesPays-BasPour ses recherches sur les propriétés de la matière aux basses températures, qui conduisirent, entre autres, à la production d'hélium liquide.
5%
1935James ChadwickRoyaume-UniPour la découverte du neutron.
5%
1909Karl Ferdinand BraunAllemagneEn témoignage de leurs contributions au développement de la télégraphie sans fil.
5%
2017Kip ThorneÉtats-UnisPour leurs contributions décisives au détecteur LIGO et à l'observation des ondes gravitationnelles.
5%
1972Leon Neil CooperÉtats-UnisPour leur théorie, développée conjointement, sur les supraconducteurs, habituellement nommée théorie BCS.
5%
1905Philipp Eduard Anton von LenardAllemagnePour ses travaux sur les rayons cathodiques.
5%
2012Serge HarocheFrancePour les méthodes expérimentales révolutionnaires qui ont permis la mesure et la manipulation de systèmes quantiques individuels.
5%
1966Alfred KastlerFrancePour la découverte et le développement de méthodes optiques pour l'étude des résonances hertziennes dans les atomes.
3%
2010Andre GeimRussie / Pays-BasPour des expériences fondamentales concernant le graphène, matériau bidimensionnel.
3%
2022Anton ZeilingerAutrichePour leurs expériences avec des photons intriqués, établissant la violation des inégalités de Bell et ouvrant la voie à la science de l'information quantique.
3%
1927Arthur Holly ComptonÉtats-UnisPour sa découverte de l'effet nommé d'après lui.
3%
2011Brian P. SchmidtÉtats-UnisPour la découverte de l'accélération de l'expansion de l'Univers
3%
1976Burton RichterÉtats-UnisPour leurs travaux d'avant-garde dans la découverte d'une particule élémentaire lourde d'une nouvelle espèce.
3%
1930Chandrashekhara Venkata RâmanIndePour ses travaux sur la diffusion de la lumière et pour la découverte de l'effet nommé d'après lui.
3%
1920Charles Édouard GuillaumeSuisseEn témoignage des services rendus aux mesures de précision en physique par la découverte des anomalies des alliages d'acier au nickel.
3%
1917Charles Glover BarklaRoyaume-UniPour sa découverte des rayonnements Röntgen caractéristiques des divers éléments.
3%
1957Chen Ning YangChinePour leur analyse approfondie des lois dites de parité, qui a conduit à d'importantes découvertes sur les particules élémentaires.
3%
1997Claude Cohen-TannoudjiFrancePour le développement de méthodes pour refroidir et piéger des atomes avec la lumière laser.
3%
1998Daniel C. TsuiChine / États-UnisPour la découverte d'une nouvelle forme de fluide quantique avec des excitations de charge fractionnaire.
3%
2016David J. ThoulessRoyaume-UniPour leurs travaux sur les transitions des phases topologiques dans la matière.
3%
1996David M. LeeÉtats-UnisPour leur découverte de la superfluidité de l'hélium 3.
3%
2018Donna StricklandCanadaPour leur méthode de production d'impulsions lumineuses ultra-brèves de forte intensité.
3%
2016Duncan HaldaneRoyaume-UniPour leurs travaux sur les transitions des phases topologiques dans la matière.
3%
2013François EnglertBelgiquePour la découverte théorique d'un mécanisme contribuant à notre compréhension de l'origine de la masse des particules subatomiques, et qui a été confirmée récemment grâce à la découverte de la particule fondamentale prédite [le boson de Higgs] par les expériences ATLAS et CMS menées au Large Hadron Collider du CERN.
3%
1908Gabriel LippmannFrancePour sa méthode de reproduction photographique des couleurs basée sur le phénomène d'interférence.
3%
1967Hans Albrecht BetheAllemagne de l'Ouest / États-UnisPour ses contributions à la théorie des réactions nucléaires, en particulier ses découvertes concernant la production d'énergie dans les étoiles.
3%
1998Horst L. StörmerAllemagnePour la découverte d'une nouvelle forme de fluide quantique avec des excitations de charge fractionnaire.
3%
1958Ilia Mikhailovitch FrankUnion soviétiquePour la découverte et l'interprétation de l'effet Tcherenkov.
3%
1944Isidor Isaac RabiÉtats-UnisPour sa méthode de résonance pour enregistrer les propriétés magnétiques des noyaux atomiques.
3%
1925James FranckAllemagnePour leur découverte des lois de la collision d'un électron sur un atome.
3%
1919Johannes StarkAllemagnePour sa découverte de l'effet Doppler dans les rayons canaux et de la séparation des raies spectrales par un champ électrique.
3%
1956John BardeenÉtats-UnisPour leurs recherches sur les semi-conducteurs et leur découverte de l'effet transistor.
3%
1972John BardeenÉtats-UnisPour leur théorie, développée conjointement, sur les supraconducteurs, habituellement nommée théorie BCS.
3%
2016John M. KosterlitzRoyaume-UniPour leurs travaux sur les transitions des phases topologiques dans la matière.
3%
1972John Robert SchriefferÉtats-UnisPour leur théorie, développée conjointement, sur les supraconducteurs, habituellement nommée théorie BCS.
3%
1993Joseph H. Taylor Jr.États-UnisPour la découverte d'un nouveau type de pulsar, qui a ouvert de nouvelles possibilités pour l'étude de la gravitation.
3%
1985Klaus von KlitzingAllemagne de l'OuestPour la découverte de l'effet Hall quantique entier.
3%
2010Konstantin NovoselovRussie / Royaume-UniPour des expériences fondamentales concernant le graphène, matériau bidimensionnel.
3%
1962Lev Davidovitch LandauUnion soviétiquePour ses théories d'avant-garde sur la matière condensée, en particulier l'hélium liquide.
3%
1904Lord Rayleigh (John William Strutt)Royaume-UniPour ses recherches sur les densités des gaz les plus importants, et pour sa découverte de l'argon en relation avec ces études.
3%
1912Nils Gustaf DalénSuèdePour l'invention des régulateurs automatiques utilisés avec des accumulateurs de gaz pour l'éclairage des phares et balises.
3%
1990Richard E. TaylorCanadaPour leurs recherches novatrices sur la diffusion profondément inélastique des électrons sur les protons et les neutrons liés, qui ont été d'importance essentielle pour le développement du modèle des quarks en physique des particules.
3%
1923Robert Andrews MillikanÉtats-UnisPour ses travaux sur la charge élémentaire d'électricité et sur l'effet photoélectrique.
3%
1998Robert B. LaughlinÉtats-UnisPour la découverte d'une nouvelle forme de fluide quantique avec des excitations de charge fractionnaire.
3%
1961Robert HofstadterÉtats-UnisPour ses études d'avant-garde sur la diffusion des électrons par les noyaux atomiques et pour ses découvertes ainsi faites sur la structure des nucléons.
3%
2020Roger PenroseRoyaume-UniPour la découverte que la formation d'un trou noir est une prévision robuste de la théorie de la relativité générale.
3%
2014Shuji NakamuraÉtats-UnisPour l'invention de diodes électroluminescentes bleues efficaces.
3%
1965Sin-Itiro TomonagaJaponPour leurs travaux fondamentaux sur l'électrodynamique quantique, avec des conséquences profondes sur la physique des particules élémentaires.
3%
1957Tsung-Dao LeeChinePour leur analyse approfondie des lois dites de parité, qui a conduit à d'importantes découvertes sur les particules élémentaires.
3%
2003Vitaly Lazarevich GinzburgRussiePour des travaux novateurs dans la théorie des supraconducteurs et des superfluides.
3%
1983William Alfred FowlerÉtats-UnisPour ses études théoriques et expérimentales des réactions nucléaires importantes pour la formation des éléments chimiques dans l'univers.
3%
1956William Bradford ShockleyÉtats-UnisPour leurs recherches sur les semi-conducteurs et leur découverte de l'effet transistor.
3%
1915William Henry BraggRoyaume-UniPour leurs contributions à l'analyse de la structure cristalline au moyen des rayons X.
3%
1915William Lawrence BraggRoyaume-UniPour leurs contributions à l'analyse de la structure cristalline au moyen des rayons X.
3%
1955Willis Eugene LambÉtats-UnisPour ses découvertes concernant la structure fine du spectre de l'hydrogène.
3%
1979Abdus SalamPakistanPour leurs contributions à la théorie unifiée des interactions faible et électromagnétique entre particules élémentaires, comprenant, entre autres, la prédiction du courant neutre faible.
0%
2011Adam RiessÉtats-UnisPour la découverte de l'accélération de l'expansion de l'Univers
0%
1964Alexandre Mikhaïlovitch ProkhorovUnion soviétiquePour des travaux fondamentaux dans le domaine de l'électronique quantique, conduisant à la construction d'oscillateurs et d'amplificateurs basés sur le principe du maser-laser.
0%
2003Alexeï Alexeïevitch AbrikosovÉtats-Unis / RussiePour des travaux novateurs dans la théorie des supraconducteurs et des superfluides.
0%
2020Andrea GhezÉtats-UnisPour la découverte d'un objet compact supermassif au centre de notre galaxie [autrement dit Sagittarius A*].
0%
2003Anthony J. LeggettRoyaume-Uni / États-UnisPour des travaux novateurs dans la théorie des supraconducteurs et des superfluides.
0%
1974Antony HewishRoyaume-UniPour son rôle décisif dans la découverte des pulsars.
0%
1978Arno Allan PenziasÉtats-UnisPour leur découverte du fond cosmologique de rayonnement micro-onde.
0%
2018Arthur AshkinÉtats-UnisPour les pinces optiques et leur utilisation sur des systèmes biologiques.
0%
2015Arthur B. McDonaldCanadaPour leur découverte sur les oscillations de neutrinos qui démontre que les neutrinos ont une masse.
0%
1981Arthur Leonard SchawlowÉtats-UnisPour leur contribution au développement de la spectroscopie laser.
0%
2017Barry C. BarishÉtats-UnisPour leurs contributions décisives au détecteur LIGO et à l'observation des ondes gravitationnelles.
0%
1975Ben Roy MottelsonDanemarkPour la découverte du lien entre mouvement collectif et mouvement des particules dans le noyau atomique, et le développement de la théorie de la structure du noyau fondée sur ce lien.
0%
1994Bertram N. BrockhouseCanadaPour la mise au point de la spectroscopie neutronique.
0%
1936Carl David AndersonÉtats-UnisPour sa découverte du positron.
0%
2001Carl E. WiemanÉtats-UnisPour la réalisation d'un condensat de Bose-Einstein dans des gaz dilués d'atomes alcalins, et pour de premières études fondamentales des propriétés des condensats.
0%
1984Carlo RubbiaItaliePour leurs contributions décisives au grand projet qui a conduit à la découverte des particules de champ W et Z, vecteurs de l'interaction faible.
0%
1950Cecil Frank PowellRoyaume-UniPour le développement de la méthode photographique d'étude des processus nucléaires, et pour ses découvertes sur les mésons en utilisant cette méthode.
0%
1964Charles Hard TownesÉtats-UnisPour des travaux fondamentaux dans le domaine de l'électronique quantique, conduisant à la construction d'oscillateurs et d'amplificateurs basés sur le principe du maser-laser.
0%
2009Charles KaoRoyaume-Uni / États-UnisPour une avancée dans les communications par fibre optique.
0%
1994Clifford G. ShullÉtats-UnisPour la mise au point de la technique de diffraction neutronique.
0%
1937Clinton Joseph DavissonÉtats-UnisPour leur découverte expérimentale de la diffraction des électrons par les cristaux.
0%
2004David J. GrossÉtats-UnisPour la découverte de la liberté asymptotique dans la théorie des interactions fortes.
0%
2012David WinelandÉtats-UnisPour les méthodes expérimentales révolutionnaires qui ont permis la mesure et la manipulation de systèmes quantiques individuels.
0%
1971Dennis GaborRoyaume-UniPour son invention et son développement de la méthode holographique.
0%
2019Didier QuelozSuissePour la première découverte d'une exoplanète 51 Pegasi b en orbite autour d'une étoile de type solaire le 6 octobre 1995.
0%
1960Donald Arthur GlaserÉtats-UnisPour l'invention de la chambre à bulles.
0%
1996Douglas D. OsheroffÉtats-UnisPour leur découverte de la superfluidité de l'hélium 3.
0%
1952Edward Mills PurcellÉtats-UnisPour leur développement de nouvelles méthodes de mesures magnétiques nucléaires de précision et leurs découvertes corrélatives.
0%
1959Emilio Gino SegrèItalie / États-UnisPour leur découverte de l’antiproton.
0%
2001Eric A. CornellÉtats-UnisPour la réalisation d'un condensat de Bose-Einstein dans des gaz dilués d'atomes alcalins, et pour de premières études fondamentales des propriétés des condensats.
0%
1951Ernest Thomas Sinton WaltonIrlandePour leurs travaux d'avant-garde sur la transmutation des noyaux atomiques par des particules atomiques accélérées artificiellement.
0%
1986Ernst RuskaAllemagne de l'OuestPour ses travaux fondamentaux en optique électronique et pour la conception du premier microscope électronique.
0%
1963Eugene Paul WignerHongrie / États-UnisPour ses contributions à la théorie du noyau atomique et des particules élémentaires, en particulier par la découverte et l'application de principes fondamentaux de symétrie.
0%
1952Félix BlochÉtats-UnisPour leur développement de nouvelles méthodes de mesures magnétiques nucléaires de précision et leurs découvertes corrélatives.
0%
2004Frank WilczekÉtats-UnisPour la découverte de la liberté asymptotique dans la théorie des interactions fortes.
0%
1995Frederick ReinesÉtats-UnisPour la détection du neutrino.
0%
1953Frits (Frederik) ZernikePays-BasPour sa démonstration de la méthode du contraste de phase, et particulièrement pour son invention du microscope à contraste de phase.
0%
2006George SmootÉtats-UnisPour leur découverte de la forme en corps noir du spectre, et des anisotropies, du fond cosmologique de rayonnement micro-ondes.
0%
1999Gerard 't HooftPays-BasPour l'élucidation de la structure quantique des interactions électrofaibles en physique.
0%
1986Gerd BinnigAllemagne de l'OuestPour leur conception du microscope à effet tunnel à balayage.
0%
2021Giorgio ParisiItaliePour la découverte de l’interaction du désordre et des fluctuations dans les systèmes physiques de l’échelle atomique à planétaire
0%
1970Hannes Olof Gösta AlfvénSuèdePour ses travaux fondamentaux et ses découvertes en magnétohydrodynamique, avec des applications fructueuses dans diverses branches de la physique des plasmas.
0%
1989Hans G. DehmeltAllemagne / États-UnisPour le développement de la technique du piège à ions.
0%
2004H. David PolitzerÉtats-UnisPour la découverte de la liberté asymptotique dans la théorie des interactions fortes.
0%
1986Heinrich RohrerSuissePour leur conception du microscope à effet tunnel à balayage.
0%
1990Henry W. KendallÉtats-UnisPour leurs recherches novatrices sur la diffusion profondément inélastique des électrons sur les protons et les neutrons liés, qui ont été d'importance essentielle pour le développement du modèle des quarks en physique des particules.
0%
2000Herbert KroemerAllemagnePour le développement d'hétérostructures semi-conductrices utilisables en électronique rapide et en optoélectronique.
0%
1949Hideki YukawaJaponPour sa prédiction de l'existence des mésons sur la base d'un travail théorique sur les forces nucléaires.
0%
2014Hiroshi AmanoJaponPour l'invention de diodes électroluminescentes bleues efficaces.
0%
1958Igor Evguenievitch TammUnion soviétiquePour la découverte et l'interprétation de l'effet Tcherenkov.
0%
2014Isamu AkasakiJaponPour l'invention de diodes électroluminescentes bleues efficaces.
0%
1973Ivar GiaeverNorvègePour leurs découvertes expérimentales sur les phénomènes d'effet tunnel dans les semi-conducteurs et les supraconducteurs respectivement.
0%
2000Jack S. KilbyÉtats-UnisPour sa participation à l'invention du circuit intégré.
0%
1988Jack SteinbergerÉtats-UnisPour la méthode du faisceau de neutrinos et la démonstration de la structure en doublet des leptons par la découverte du neutrino muon.
0%
2019James PeeblesCanada / États-UnisPour des découvertes théoriques en cosmologie physique.
0%
1980James Watson CroninÉtats-UnisPour la découverte de violations de principes fondamentaux de symétrie dans la désintégration de mésons K neutres.
0%
1990Jerome I. FriedmanÉtats-UnisPour leurs recherches novatrices sur la diffusion profondément inélastique des électrons sur les protons et les neutrons liés, qui ont été d'importance essentielle pour le développement du modèle des quarks en physique des particules.
0%
1963J. Hans D. JensenAllemagne de l'OuestPour leurs découvertes sur la structure en couches du noyau atomique.
0%
1987Johannes Georg BednorzAllemagne de l'OuestPour leur percée importante dans la découverte de la supraconductivité de matériaux céramiques.
0%
2022John ClauserÉtats-UnisPour leurs expériences avec des photons intriqués, établissant la violation des inégalités de Bell et ouvrant la voie à la science de l'information quantique.
0%
2006John C. MatherÉtats-UnisPour leur découverte de la forme en corps noir du spectre, et des anisotropies, du fond cosmologique de rayonnement micro-ondes.
0%
1951John Douglas CockcroftRoyaume-UniPour leurs travaux d'avant-garde sur la transmutation des noyaux atomiques par des particules atomiques accélérées artificiellement.
0%
1977John Hasbrouck van VleckÉtats-UnisPour leurs recherches théoriques fondamentales sur la structure électronique des systèmes magnétiques et désordonnés.
0%
2000Jores Ivanovitch AlferovRussiePour le développement d'hétérostructures semi-conductrices utilisables en électronique rapide et en optoélectronique.
0%
1965Julian SchwingerÉtats-UnisPour leurs travaux fondamentaux sur l'électrodynamique quantique, avec des conséquences profondes sur la physique des particules élémentaires.
0%
1981Kai M. SiegbahnSuèdePour sa contribution au développement de la spectroscopie électronique à haute résolution.
0%
1987Karl Alexander MüllerSuissePour leur percée importante dans la découverte de la supraconductivité de matériaux céramiques.
0%
1924Karl Manne Georg SiegbahnSuèdePour ses découvertes et ses recherches dans le domaine de la spectroscopie des rayons X.
0%
2021Klaus HasselmannAllemagnePour la modélisation physique du climat de la Terre et pour en avoir quantifié la variabilité et prédit de façon fiable le réchauffement climatique.
0%
1973Leo EsakiJaponPour leurs découvertes expérimentales sur les phénomènes d'effet tunnel dans les semi-conducteurs et les supraconducteurs respectivement.
0%
1975Leo James RainwaterÉtats-UnisPour la découverte du lien entre mouvement collectif et mouvement des particules dans le noyau atomique, et le développement de la théorie de la structure du noyau fondée sur ce lien.
0%
1988Leon M. LedermanÉtats-UnisPour la méthode du faisceau de neutrinos et la démonstration de la structure en doublet des leptons par la découverte du neutrino muon.
0%
1970Louis Eugène Félix NéelFrancePour ses travaux fondamentaux et ses découvertes sur l'antiferromagnétisme et le ferrimagnétisme, qui ont conduit à des applications importantes en physique du solide.
0%
1968Luis Walter AlvarezÉtats-UnisPour ses contributions décisives à la physique des particules élémentaires, en particulier la découverte d'un grand nombre d'états résonnants, rendue possible par son développement des techniques d'utilisation de la chambre à bulles à hydrogène et d'analyse des données.
0%
2008Makoto KobayashiJaponPour la découverte des origines de la brisure de symétrie qui prédit l'existence d'au moins trois familles de quarks dans la nature.
0%
1963Maria Goeppert-MayerAllemagne de l'Ouest / États-UnisPour leurs découvertes sur la structure en couches du noyau atomique.
0%
1995Martin Lewis PerlÉtats-UnisPour la découverte du lepton tau.
0%
1974Martin RyleRoyaume-UniPour ses observations et inventions, en particulier dans la technique de synthèse d'ouverture.
0%
1999Martinus VeltmanPays-BasPour l'élucidation de la structure quantique des interactions électrofaibles en physique.
0%
2002Masatoshi KoshibaJaponPour des contributions d'avant-garde dans le domaine de l'astrophysique, et principalement pour la détection des neutrinos cosmiques.
0%
1914Max von LaueAllemagnePour sa découverte de la diffraction des rayons X par les cristaux.
0%
1988Melvin SchwartzÉtats-UnisPour la méthode du faisceau de neutrinos et la démonstration de la structure en doublet des leptons par la découverte du neutrino muon.
0%
2019Michel MayorSuissePour la première découverte d'une exoplanète 51 Pegasi b en orbite autour d'une étoile de type solaire le 6 octobre 1995.
0%
1969Murray Gell-MannÉtats-UnisPour ses contributions et découvertes sur la classification des particules élémentaires et de leurs interactions.
0%
1977Nevill Francis MottRoyaume-UniPour leurs recherches théoriques fondamentales sur la structure électronique des systèmes magnétiques et désordonnés.
0%
1981Nicolaas BloembergenPays-Bas / États-UnisPour leur contribution au développement de la spectroscopie laser.
0%
1964Nikolaï Gennadievitch BassovUnion soviétiquePour des travaux fondamentaux dans le domaine de l'électronique quantique, conduisant à la construction d'oscillateurs et d'amplificateurs basés sur le principe du maser-laser.
0%
1989Norman F. RamseyÉtats-UnisPour l'invention de la méthode des champs alternatifs séparés, et son utilisation dans le maser à hydrogène et autres horloges atomiques.
0%
1943Otto SternÉtats-UnisPour ses contributions au développement de la méthode des jets moléculaires et sa découverte du moment magnétique du proton.
0%
1959Owen ChamberlainÉtats-UnisPour leur découverte de l’antiproton.
0%
1928Owen Willans RichardsonRoyaume-UniPour ses travaux sur le phénomène thermo-ionique, et spécialement pour sa découverte de la loi nommée d'après lui.
0%
1948Patrick Maynard Stuart BlackettRoyaume-UniPour son développement de la méthode de la chambre à brouillard de Wilson et ses découvertes faites avec elle dans les domaines de la physique nucléaire et du rayonnement cosmique.
0%
1946Percy Williams BridgmanÉtats-UnisPour l'invention d'un appareil produisant des pressions extrêmement élevées, et pour ses découvertes faites avec lui dans le domaine de la physique des hautes pressions.
0%
2007Peter GrünbergAllemagnePour la découverte de la magnétorésistance géante.
0%
1977Philip Warren AndersonÉtats-UnisPour leurs recherches théoriques fondamentales sur la structure électronique des systèmes magnétiques et désordonnés.
0%
1978Piotr Léonidovitch KapitsaUnion soviétiquePour ses inventions de base et ses découvertes dans le domaine de la physique des basses températures.
0%
1955Polykarp KuschAllemagne de l'Ouest / États-UnisPour sa mesure de précision du moment magnétique de l'électron.
0%
2017Rainer WeissÉtats-UnisPour leurs contributions décisives au détecteur LIGO et à l'observation des ondes gravitationnelles.
0%
2002Raymond Davis Jr.États-UnisPour des contributions d'avant-garde dans le domaine de l'astrophysique, et principalement pour la détection des neutrinos cosmiques.
0%
2020Reinhard GenzelAllemagnePour la découverte d'un objet compact supermassif au centre de notre galaxie [autrement dit Sagittarius A*].
0%
2002Riccardo GiacconiItaliePour des contributions d'avant-garde dans le domaine de l'astrophysique, qui ont conduit à la découverte de sources de rayons X cosmiques.
0%
1996Robert C. RichardsonÉtats-UnisPour leur découverte de la superfluidité de l'hélium 3.
0%
2005Roy J. GlauberÉtats-UnisPour sa contribution à la théorie quantique de la cohérence optique.
0%
1961Rudolf MössbauerAllemagne de l'OuestPour ses recherches sur l'absorption résonnante de rayons gamma et sa découverte corrélative de l'effet qui porte son nom.
0%
1993Russell A. HulseÉtats-UnisPour la découverte d'un nouveau type de pulsar, qui a ouvert de nouvelles possibilités pour l'étude de la gravitation.
0%
1976Samuel Chao Chung TingÉtats-UnisPour leurs travaux d'avant-garde dans la découverte d'une particule élémentaire lourde d'une nouvelle espèce.
0%
2011Saul PerlmutterÉtats-UnisPour la découverte de l'accélération de l'expansion de l'Univers
0%
1979Sheldon Lee GlashowÉtats-UnisPour leurs contributions à la théorie unifiée des interactions faible et électromagnétique entre particules élémentaires, comprenant, entre autres, la prédiction du courant neutre faible.
0%
1984Simon van der MeerPays-BasPour leurs contributions décisives au grand projet qui a conduit à la découverte des particules de champ W et Z, vecteurs de l'interaction faible.
0%
1997Steven ChuÉtats-UnisPour le développement de méthodes pour refroidir et piéger des atomes avec la lumière laser.
0%
1979Steven WeinbergÉtats-UnisPour leurs contributions à la théorie unifiée des interactions faible et électromagnétique entre particules élémentaires, comprenant, entre autres, la prédiction du courant neutre faible.
0%
1983Subrahmanyan ChandrasekharInde / États-UnisPour ses études théoriques des processus physiques importants pour la structure et l'évolution des étoiles.
0%
2021Syukuro ManabeJapon / États-UnisPour la modélisation physique du climat de la Terre et pour en avoir quantifié la variabilité et prédit de façon fiable le réchauffement climatique.
0%
2015Takaaki KajitaJaponPour leur découverte sur les oscillations de neutrinos qui démontre que les neutrinos ont une masse.
0%
2005Theodor W. HänschAllemagnePour leurs contributions au développement de la spectroscopie laser de précision, y compris la technique du peigne de fréquence optique.
0%
2008Toshihide MaskawaJaponPour la découverte des origines de la brisure de symétrie qui prédit l'existence d'au moins trois familles de quarks dans la nature.
0%
1980Val Logsdon FitchÉtats-UnisPour la découverte de violations de principes fondamentaux de symétrie dans la désintégration de mésons K neutres.
0%
1936Victor Franz HessAutrichePour sa découverte du rayonnement cosmique.
0%
1956Walter Houser BrattainÉtats-UnisPour leurs recherches sur les semi-conducteurs et leur découverte de l'effet transistor.
0%
1954Walther BotheAllemagne de l'OuestPour la méthode des coïncidences et pour ses découvertes faites avec elle.
0%
2009Willard BoyleCanadaPour l'invention du capteur CCD.
0%
1997William D. PhillipsÉtats-UnisPour le développement de méthodes pour refroidir et piéger des atomes avec la lumière laser.
0%
2001Wolfgang KetterleAllemagnePour la réalisation d'un condensat de Bose-Einstein dans des gaz dilués d'atomes alcalins, et pour de premières études fondamentales des propriétés des condensats.
0%
2008Yoichiro NambuJapon / États-UnisPour la découverte du mécanisme de brisure spontanée de symétrie dans la physique subatomique.
0%

Distribution des résultats

Percentile par nombre de réponses

% des personnes avec chaque résultat

Votre développement - résultats

Vous n’avez pas pris ce quiz